000 01052naa a22002897a 4500
001 BR9301789
003 BR-BrBNA
005 20240918181031.0
007 ta
008 230509b bl.||||| |||| 00| 0 por d
040 _aBR-BrBNA
_bpor
_cBiblioteca Nacional de Agricultura
041 _a(Es)
072 _aU10; U40
090 _aU10 BR9301789
100 1 _aErba, D.A.
111 1 _a22. Congresso Brasileiro de Engenharia Agricola
_cIlheus, BA (Brazil)
_d19-23 Jul 1993
245 1 _aRectificacion de aerofotogramas digitales por medio de polinomios de ajuste
260 3 _aIlheus, BA (Brasil):
_c1993.
500 _a22. Congresso Brasileiro de Engenharia Agricola. Anais Ilheus, BA (Brasil): 1993. v. 1 p. 294-305 (BR9301789-AM)U10
650 _aAerofotogrametria
650 _aComputador
650 _aPlanimetria
650 _aCartografia
773 0 _t22. Congresso Brasileiro de Engenharia Agricola. Anais
_wU10 BR9301789
_gIlheus, BA (Brasil), 1993. v. 1 p. 294-305
909 _a202404
_bLucia
_c55
_dLucia Elande
942 _cAM
_2AGRIS
999 _c323299
_d323299